000 00696nam a2200289Ia 4500
005 20260324144356.0
008 008 260324s9999 xx 000 0 eng d
020 _a9781315174822
037 _aEBOOK
040 _aCRL
040 _beng
040 _cCRL
041 _2eng
041 _aeng
084 _qCRL
100 _aKarlene Faith
_91219089
245 0 _aToward New Horizons for Women in Distance Education
245 0 _bInternational Perspectives
260 _bTaylor and Francis
260 _c1988
365 _a
365 _b205
856 _uhttp://www.taylorfrancis.com/books/9781315174822
942 _cEBOOK
999 _c1825632
_d1825632